Ministerios de Chile - Estadísticas

Estadísticas generales
  • Esta prueba ha sido intentada 122 veces
  • La puntuación promedio es 16 de 24
Estadísticas de respuestas
Ministerios % Correcto
Salud
93%
Educación
92%
La Mujer y la Equidad de Género
92%
El Interior y Seguridad Pública
88%
Economía, Fomento y Turismo
83%
Las Culturas, las Artes y el Patrimonio
83%
Justicia y Derechos Humanos
76%
Hacienda
73%
Defensa Nacional
71%
Agricultura
68%
El Deporte
68%
Minería
63%
Transportes y Telecomunicaciones
63%
Vivienda y Urbanismo
63%
Relaciones Exteriores
61%
Obras Públicas
60%
Ciencia, Tecnología, Conocimiento e Innovación
57%
Energía
56%
El Trabajo y Previsión Social
55%
Secretaría General de Gobierno
54%
Desarrollo Social y Familia
52%
El Medioambiente
51%
Bienes Nacionales
45%
Secretaría General de la Presidencia
45%
No se encontraron pruebas coincidentes
Distribución de puntuación
Porcentaje de gente con cada puntuación
Porcentaje por número respondido
Historial de tus puntuaciones
No has intentado esta prueba.